Giáo trình lý thuyết nghiệp vụ lễ tân
Na minha lista:
| Autor principal: | |
|---|---|
| Formato: | Livro |
| Idioma: | Undetermined |
| Publicado em: |
Hà Nội
Nhà xuất bản Hà Nội
2005
|
| Assuntos: | |
| Tags: |
Adicionar Tag
Sem tags, seja o primeiro a adicionar uma tag!
|
| Thư viện lưu trữ: | Trung tâm Học liệu Trường Đại học Cần Thơ |
|---|
| LEADER | 00557nam a2200193Ia 4500 | ||
|---|---|---|---|
| 001 | CTU_95269 | ||
| 008 | 210402s9999 xx 000 0 und d | ||
| 020 | |c 32500 | ||
| 082 | |a 338.47 | ||
| 082 | |b C506 | ||
| 100 | |a Phạm, Thị Cúc | ||
| 245 | 0 | |a Giáo trình lý thuyết nghiệp vụ lễ tân | |
| 245 | 0 | |c Phạm Thị Cúc | |
| 260 | |a Hà Nội | ||
| 260 | |b Nhà xuất bản Hà Nội | ||
| 260 | |c 2005 | ||
| 650 | |a Service industries | ||
| 904 | |i Nguyên | ||
| 980 | |a Trung tâm Học liệu Trường Đại học Cần Thơ | ||